<?xml version="1.0" encoding="UTF-8"?>
<record
    xmlns:xsi="http://www.w3.org/2001/XMLSchema-instance"
    xsi:schemaLocation="http://www.loc.gov/MARC21/slim http://www.loc.gov/standards/marcxml/schema/MARC21slim.xsd"
    xmlns="http://www.loc.gov/MARC21/slim">

  <leader>02005nam a22002177a 4500</leader>
  <controlfield tag="005">20220211102338.0</controlfield>
  <controlfield tag="008">220211b           ||||| |||| 00| 0 eng d</controlfield>
  <datafield tag="020" ind1=" " ind2=" ">
    <subfield code="a">9789325298712</subfield>
  </datafield>
  <datafield tag="040" ind1=" " ind2=" ">
    <subfield code="c">AL</subfield>
  </datafield>
  <datafield tag="041" ind1=" " ind2=" ">
    <subfield code="a">English</subfield>
  </datafield>
  <datafield tag="082" ind1=" " ind2=" ">
    <subfield code="2">23</subfield>
    <subfield code="a">032.02</subfield>
    <subfield code="b">PANO</subfield>
  </datafield>
  <datafield tag="100" ind1=" " ind2=" ">
    <subfield code="a">Manohar Pandey</subfield>
    <subfield code="9">19151</subfield>
  </datafield>
  <datafield tag="245" ind1=" " ind2=" ">
    <subfield code="a">Objective General Knowledge: 2750+Chapterwise Questions</subfield>
  </datafield>
  <datafield tag="260" ind1=" " ind2=" ">
    <subfield code="a">New Delhi</subfield>
    <subfield code="b"> Arihant Publications India Pvt Ltd</subfield>
    <subfield code="c">2021</subfield>
  </datafield>
  <datafield tag="300" ind1=" " ind2=" ">
    <subfield code="a">292 p.</subfield>
    <subfield code="b">PB</subfield>
    <subfield code="c">24x15.5 cm.</subfield>
  </datafield>
  <datafield tag="365" ind1=" " ind2=" ">
    <subfield code="a">5784</subfield>
    <subfield code="b">&#x20B9;164.00</subfield>
    <subfield code="c">&#x20B9;</subfield>
    <subfield code="d">&#x20B9;205.00</subfield>
    <subfield code="e">20%</subfield>
    <subfield code="f">10-02-2022</subfield>
  </datafield>
  <datafield tag="520" ind1=" " ind2=" ">
    <subfield code="a">1. The entire syllabus has been divided into sections 2. Questions covered in the book contains answers side by side 3. Provides Recent Years' General Studies questions &amp; 4. Authentic and detailed solution have been given as per latest pattern 5. Each chapter contains variety of questions designed on the line of syllabus In order to crack the hard of the competitions one is required have a vigorous preparations and practice of the subjects. Bringing you the updated edition of the "14000 Objective Questions on General Studies" a compendium of objective questions which will significantly improve the knowledge of the aspiring students. This Question Bank focuses on Indian History &amp; Culture, India &amp; World Geography (Env. &amp; Eco), Indian Polity, Indian Economy, General Science, Science &amp; Technology, General Knowledge and Current Affairs, and every section is divided into sub sections. As the title suggest, it contains more than 2750 objective questions covering General Studies subject. With authentic and detailed answers to the questions, aspirants get an insight into the recent examination pattern and the types of questions asked therein. The book is the best preparation material for general studies for UPSC (CSAT), State PCS, CDS, NDA, etc. TOC Indian History, Geography, Indian Polity, Indian Economy, General Science, General Knowledge.</subfield>
  </datafield>
  <datafield tag="650" ind1=" " ind2=" ">
    <subfield code="a">General Knowledge</subfield>
    <subfield code="9">19139</subfield>
  </datafield>
  <datafield tag="700" ind1=" " ind2=" ">
    <subfield code="a">PANDEY (Manohar)</subfield>
    <subfield code="9">19140</subfield>
  </datafield>
  <datafield tag="942" ind1=" " ind2=" ">
    <subfield code="2">ddc</subfield>
    <subfield code="c">BK</subfield>
  </datafield>
  <datafield tag="999" ind1=" " ind2=" ">
    <subfield code="c">221473</subfield>
    <subfield code="d">221473</subfield>
  </datafield>
  <datafield tag="952" ind1=" " ind2=" ">
    <subfield code="0">0</subfield>
    <subfield code="1">0</subfield>
    <subfield code="2">ddc</subfield>
    <subfield code="4">0</subfield>
    <subfield code="7">0</subfield>
    <subfield code="8">OTH</subfield>
    <subfield code="a">AL</subfield>
    <subfield code="b">AL</subfield>
    <subfield code="d">2022-02-10</subfield>
    <subfield code="e">Biblios Book Point</subfield>
    <subfield code="g">164.00</subfield>
    <subfield code="l">1</subfield>
    <subfield code="o">032.02 PANO</subfield>
    <subfield code="p">075412</subfield>
    <subfield code="r">2024-09-04 00:00:00</subfield>
    <subfield code="s">2024-08-29</subfield>
    <subfield code="v">205.00</subfield>
    <subfield code="w">2022-02-11</subfield>
    <subfield code="y">BK</subfield>
  </datafield>
</record>
